| 000 | 00000nam 2200000za 4500 |
| 001 | 9.635868 |
| 003 | CaOODSP |
| 005 | 20210624220449 |
| 007 | cr ||||||||||| |
| 008 | 150407|2008||||xxc|||||o f|0| 0 fre d |
| 020 | |a978-1-100-90181-7 |
| 040 | |aCaOODSP|bfre |
| 043 | |an-cn--- |
| 086 | 1 |aH164-37/2008F-PDF |
| 110 | 1 |aCanada. |bDirection générale des produits de santé et des aliments. |
| 245 | 10|aSignalement des effets secondaires causés par vos médicaments : |h[ressource électronique]|bce que vous devez savoir |
| 260 | |aOttawa - Ontario : |bSanté Canada. |cc2008. |
| 300 | |a31p. |
| 590 | |a12-31-Supp|b2012-07-06 |
| 691 | 07|aEffet secondaire|2gcpds |
| 691 | 07|aMédicament d'ordonnance|2gcpds |
| 775 | 08|tReporting side effects from your medicine : |w(CaOODSP)9.691540 |
| 795 | |tSignalement des effets secondaires causés par vos médicaments : |w(CaOODSP)9.633335 |
| 856 | 40|ahttp://publications.gc.ca|qPDF|s905 Ko|uhttps://publications.gc.ca/collections/collection_2012/sc-hc/H164-37-2008-fra.pdf |
| 986 | |aSC Pub. : 4789 |